[Event "Asian Schools-ch 14th U11 Girls"]
[Site "Waskaduwa"]
[Date "2018.07.09"]
[Round "1.1"]
[White "Sanudula, KM Dahamdi"]
[Black "Omar, Aizere"]
[Result "1-0"]
[WhiteElo "1413"]
[BlackElo "1024"]
[PlyCount "58"]
[EventDate "2018.07.09"]
[EventType "swiss"]
[EventRounds "9"]
[EventCountry "SRI"]
[SourceTitle "EXT 2024"]
[Source "ChessBase"]
[SourceDate "2023.10.10"]
[SourceVersion "1"]
[SourceVersionDate "2023.10.10"]
[SourceQuality "1"]

1. d4 Nf6 2. e3 c5 3. Bd3 e6 4. c3 b6 5. f4 d6 6. Nf3 Bb7 7. 0-0 Nbd7 8. Nbd2 Be7 9. e4 e5 10. fxe5 dxe5 11. dxe5 Ng8 12. Nc4 Qc7 13. Bf4 Rd8 14. e6 Qxf4 15. exd7+ Kf8 16. Nfe5 Qxf1+ 17. Qxf1 Nf6 18. Nxf7 Kxf7 19. e5 Rxd7 20. exf6 Bxf6 21. Ne5+ Ke8 22. Nxd7 Kxd7 23. Bb5+ Bc6 24. Qf5+ Kc7 25. Bxc6 Kxc6 26. Qe6+ Kc7 27. Rd1 Kb8 28. Rd7 Rf8 29. Qf7 Bd8 1-0